| 000 | 00524nam a2200193Ia 4500 | ||
|---|---|---|---|
| 008 | 120326t2002 xxu||||| |||| 00| 0 sin d | ||
| 041 | _asin | ||
| 080 |
_a8-31 (eng) _bCRI |
||
| 100 | _aCristy,Agatha | ||
| 245 | _aඑවන්ස් | ||
| 246 | _aEvans | ||
| 260 |
_aGodage _aColombo _c2002 |
||
| 300 | _b256p, 21 cm | ||
| 500 | _aSinhalese Translation of Agatha Cristy of The didn't they ask Evans? | ||
| 700 |
_aJayasingha,Jayawati _etr. |
||
| 942 | _cBK | ||
| 999 |
_c40544 _d40544 |
||
| 003 | LK-CoDNM | ||
| 040 |
_aLK-CoDNM _dLK-CoDNM _eLK-CoDNM |
||